La lutte contre le terrorisme : (Record no. 629)
[ view plain ]
| 000 -LEADER | |
|---|---|
| fixed length control field | 00891cam a2200229Ma 4500 |
| 005 - DATE AND TIME OF LATEST TRANSACTION | |
| control field | 20100726125122.0 |
| 008 - FIXED-LENGTH DATA ELEMENTS--GENERAL INFORMATION | |
| fixed length control field | 070926s2007 fr 000 0 fre d |
| 020 ## - INTERNATIONAL STANDARD BOOK NUMBER | |
| International Standard Book Number | 9789287162762 |
| 020 ## - INTERNATIONAL STANDARD BOOK NUMBER | |
| International Standard Book Number | 928716276x |
| 035 ## - SYSTEM CONTROL NUMBER | |
| System control number | (OCoLC)184970437 |
| 055 #4 - CLASSIFICATION NUMBERS ASSIGNED IN CANADA | |
| Classification number | HV 6431 C755 2007 |
| 082 1# - DEWEY DECIMAL CLASSIFICATION NUMBER | |
| Classification number | 363.325 094 |
| Edition number | 22 |
| 110 2# - MAIN ENTRY--CORPORATE NAME | |
| Corporate name or jurisdiction name as entry element | Conseil de l'Europe. |
| 245 13 - TITLE STATEMENT | |
| Title | La lutte contre le terrorisme : |
| Remainder of title | les normes du Conseil de l'Europe / |
| Statement of responsibility, etc | [Conseil de l'Europe]. |
| 250 ## - EDITION STATEMENT | |
| Edition statement | 4e éd. |
| 260 ## - PUBLICATION, DISTRIBUTION, ETC. (IMPRINT) | |
| Place of publication, distribution, etc | Strasbourg : |
| Name of publisher, distributor, etc | Éditions du Conseil de l'Europe, |
| Date of publication, distribution, etc | 2007. |
| 300 ## - PHYSICAL DESCRIPTION | |
| Extent | v, 630 p. |
| 650 #6 - SUBJECT ADDED ENTRY--TOPICAL TERM | |
| Topical term or geographic name as entry element | Terrorisme |
| Geographic subdivision | Europe |
| General subdivision | Prévention. |
| 650 #7 - SUBJECT ADDED ENTRY--TOPICAL TERM | |
| Topical term or geographic name as entry element | Terrorisme |
| General subdivision | Lutte contre |
| -- | Droit |
| Geographic subdivision | Europe |
| General subdivision | Législation. |
| Source of heading or term | ram |
| 775 0# - OTHER EDITION ENTRY | |
| Main entry heading | Conseil de l'Europe. |
| Title | Fight against terrorism : Council of Europe standards |
| Home library | Current library | Shelving location | Date acquired | Full call number | Barcode | Koha item type |
|---|---|---|---|---|---|---|
| African Court on Human and Peoples' Rights Library | African Court on Human and Peoples' Rights Library | 27/08/2010 | HV6433.E85 F54 | 1000050X | Books |
